000 00795nam a2200241Ia 4500
003 OSt
005 20220923220435.0
006 a|||||r|||| 00| 0
007 ta
008 220922b |||||||| |||| 00| 0 hin d
024 _a186,653
037 _cTextual
040 _aARTS
_cARTS
_bhin
041 _2hin
_ahin
082 _aXv2.D<-C, 152M6
100 _aचौधरी, राधाकृष्ण
245 0 _aप्राचीन भारत का आर्थिक इतिहास
246 _aPrāchīn bhārat kā ārthik itihāsa
260 _aपटना
_b जानकी प्रकाशन
_c1986
300 _a307 पृ.
_ccm.
942 _hXv2.D<-C, 152M6
_cTEXL
_2CC
999 _c339896
_d339896